00269nam a2200097Ia 4500008004100000100001600041245004800057250000800105260004200113300001600155191201s2012 xx 000 0 und d aTHERAJA, BL 0aText Book of Electrical Technology (vol -2) aRep c2012bS Chand and Co. Ltd.aNEW DELHI a866 to 1568